00880nam a2200193Ia 450000500170000000800410001702000150005808200130007324501130008625000100019926000410020930000170025050002700026770000160053770000150055394200060056895200970057499900150067120240604054830.0240331s9999 xx 000 0 und d a8188789240 bREMa371 0aRemapping Knowledge :bThe Making of South Asian Studies in India, Europe and American 19th - 20th Centuries a1 st  aGurgaon(Haryana)bThree Essaysc2004 axvii,135 p., aThis book seeks to document the constitution of bodies of knowledge on South Asia spanning two centuries (19-20 th),by providing a genealogy of the institutionalisation and transformations occurring in South Asian studies across Europe,India and the United Nations. aAssayag. J. aBenei. V.  cL 001040708LaWERCLbWERCLcSSCd2024-03-31l0o 371.9 REMp6731r2024-03-31w2024-03-31yL c5717d5717